Logo/ Marque Quizz #5 - Statistiques

Statistiques générales
  • Ce quiz a été pris 558 fois
  • Le résultat moyen est 17 sur 26
Statistiques - réponses
Par images Réponse % Correct
Fila
94%
Yves Saint Laurent
94%
Ebay
93%
Wikipédia
93%
Opel
92%
Uber eats
92%
m&m's
91%
Danone
90%
H&M
89%
Vittel
89%
Sims
87%
Gucci
83%
Shell
81%
Lamborghini
74%
Justin Bridou
70%
Alpine
65%
Rolls Royce
64%
national géographic
60%
C & A
59%
Taureau ailé
56%
Blédina
45%
Eastpak
37%
XLS medical
6%
Zodiac
6%
influx
2%
Qwest
0%
Aucun quiz correspondant
Distribution des résultats
% des personnes avec chaque résultat
Percentile par nombre de réponses
Votre historique - résultats
Vous n’avez pas pris ce quiz